01020nam a2200217 a 450000100100000000500170001000800410002704000250006810000340009324500780012726001130020530000210031849000670033950400320040650400730043871000450051171000500055683000740060695201050068099900170078500004143520201002034904.0131004s2005 sp 000 0 spa d aDO-SdBNPbspacBNPHU1 aRey Tristán, Eduardo96810813aLa izquierda revolucionaria uruguaya, 1955-1973 /cEduardo Rey Tristán. aSevilla :bEscuela de Estudios Hispano-Americanos. : Universidad de Sevill : Diputación de Sevilla,c2005. a472 p. ;c24 cm.1 aPublicaciones de la Escuela de Estudios Hispanoamericanosv435 aBibliografía : p. 469-472 aIncluye referencias bibliográficas y notas al pie de las páginas1 aSevilla.bDiputación Provincial9681092 aEscuela de Estudios Hispano-Americanos930487 0aPublicaciones de la Escuela de Estudios Hispanoamericanosv435961056 001050718MOaGRbGRcCTd2013-10-04iLF1l0o p41435-10r2020-06-25w2020-06-25y1ZNo se presta c40925d40925